Tournoi des Masters 1000 en 1990 - Statistiques

Statistiques générales
  • Ce quiz a été pris 27 fois
  • Le résultat moyen est 6 sur 9
Statistiques - réponses
Tournoi % Correct
Paris
88%
Rome
88%
Monte-Carlo
85%
Miami
73%
Canada
69%
Cincinnati
62%
Indian Wells
58%
Hambourg
54%
Stockholm
31%
Aucun quiz correspondant
Distribution des résultats
% des personnes avec chaque résultat
Percentile par nombre de réponses
Votre historique - résultats
Vous n’avez pas pris ce quiz